Statistics for People in Pictures with Donald Trump

Click here to take the quiz!

General Stats

  • This quiz has been taken 861 times
  • The average score is 7 of 10

Answer Stats

Person% Correct
Barack Obama
98%
Vladimir Putin
97%
Bill Clinton
95%
Ronald Reagan
88%
Melania Trump
88%
Mike Pence
83%
Dennis Rodman
45%
Shinzo Abe
45%
James Mattis
17%
John Kelly
11%

Score Distribution

Percentile by Number Answered

Percent of People with Each Score

Your Score History

You have not taken this quiz